| 000 | 00728cab a2200241 4500 | ||
|---|---|---|---|
| 001 | WB3130-15 | ||
| 008 | 090401t1995 xxu||||| |||| 00| 0 eng d | ||
| 035 | _a(Sirsi) u45898 | ||
| 041 | _aeng | ||
| 245 | _aPlight of Britain`s historic houses | ||
| 260 | _c1995 | ||
| 350 | _a0 | ||
| 490 |
_aFinancial Times _v29 July 1995, 2.7(2) |
||
| 520 | _aAlthough stately homes are easy to purchase they are difficult to maintain - National Lottery grants could ease the problem and boost tourism. | ||
| 650 | _aENGLISH HERITAGE | ||
| 650 | _aHISTORIC HOUSES ASSOCIATION | ||
| 650 | _aHISTORIC HOUSES | ||
| 650 | _aLOTTERY FUNDS | ||
| 650 | _aSTATELY HOMES | ||
| 690 | _aCONSERVATION | ||
| 942 | _n0 | ||
| 948 | _c04/03/1997 | ||
| 999 |
_c29037 _d29037 |
||